[Event "AUTO-OPEN-1699"]
[Site "http://www.queenalice.com/game.php?id=656303"]
[Date "2009.9.22"]
[Round "1"]
[White "Givanildo"]
[Black "edlincoln"]
[Result "0-1"]
[WhiteElo "1559"]
[BlackElo "1705"]

1. e4 c5 2. d4 cxd4 3. Qxd4 Nc6 4. Qa4 e5 5. Nf3 Nf6 6. Bg5 h6 7. Bxf6 Qxf6 8.
Qb5 Bb4+ 9. c3 a6 10. Qd5 Ne7 11. Qb3 Bc5 12. h4 b5 13. c4 bxc4 14. Bxc4 O-O 15.
Nc3 Nc6 16. O-O-O Na5 17. Nd5 Nxb3+ 18. axb3 Qd8 19. Nxe5 d6 20. Nc6 Qd7 21.
Nce7+ Kh8 22. f3 a5 23. g4 f6 24. Ng6+ Kg8 25. Nb6+ Rf7 26. Nxd7 Bxd7 27. Ne7+
Kf8 28. Bxf7 Kxf7 29. Nf5 Bxf5 30. gxf5 Be3+ 31. Kb1 a4 32. Rxd6 axb3 33. Rd7+
Kg8 34. Rh2 Rc8 35. Rh1 Rc2 36. Rd8+ Kh7 37. e5 fxe5 38. f6 gxf6 39. Rd7+ Kg6
40. h5+ Kf5 41. Rb7 Rf2 42. Rxb3 Rxf3 43. Rc3 e4 44. Rd1 Kg4 45. Rd5 Bg1 46. Rc4
f5 47. Rc6 Kxh5 48. Rdd6 Be3 49. Rxh6+ Bxh6 50. b4 e3 51. Rc1 e2 52. Re1 Rf1 53.
Rxf1 exf1=Q+ 54. Kb2 Qc4 55. Ka3 Bd2 56. Ka4 Qxb4# 0-1

[Event "AUTO-INT-1584"]
[Site "http://www.queenalice.com/game.php?id=717022"]
[Date "2010.1.20"]
[Round "1"]
[White "edlincoln"]
[Black "geosus"]
[Result "0-1"]
[WhiteElo "1551"]
[BlackElo "1572"]

1. e4 e5 2. Nf3 d6 3. Nc3 Nf6 4. d4 Nc6 5. d5 Nb4 6. Bg5 Bg4 7. a3 Na6 8. Bxa6
bxa6 9. h3 Bxf3 10. Qxf3 h6 11. Bxf6 Qxf6 12. Qxf6 gxf6 13. O-O h5 14. b4 Bh6
15. f3 Be3+ 16. Kh2 Rc8 17. g4 h4 18. Ne2 c6 19. c4 cxd5 20. cxd5 Rc2 21. Rfe1
Bd4 22. Rac1 Rxc1 23. Rxc1 Ke7 24. Nxd4 exd4 25. Rc7+ Kf8 26. Rxa7 Kg7 27. Rxa6
d3 28. b5 d2 29. b6 d1=Q 30. f4 Qe2+ 31. Kg1 Qxa6 0-1

[Event "AUTO-INT-1584"]
[Site "http://www.queenalice.com/game.php?id=717023"]
[Date "2010.1.20"]
[Round "1"]
[White "geosus"]
[Black "edlincoln"]
[Result "1-0"]
[WhiteElo "1587"]
[BlackElo "1536"]

1. d4 d5 2. Nc3 e6 3. e3 c5 4. Bb5+ Nd7 5. dxc5 a6 6. Bxd7+ Bxd7 7. f3 Bxc5 8.
Nh3 Nf6 9. O-O O-O 10. a3 b5 11. b4 Bd6 12. e4 Bxh2+ 13. Kh1 Be5 14. Bb2 Nh5 15.
f4 Ng3+ 16. Kg1 Qb6+ 17. Rf2 Bxc3 18. Bxc3 Nxe4 19. Bd4 Qd6 20. Qg4 e5 21. Bxe5
Bxg4 22. Bxd6 Rfe8 23. Rff1 Nxd6 24. Nf2 h5 25. g3 Ne4 26. Nxe4 Rxe4 27. c3 Rc8
28. a4 Re3 29. Kg2 Re2+ 30. Kg1 Rce8 31. axb5 axb5 32. Ra5 1-0

[Event "AUTO-INT-1584"]
[Site "http://www.queenalice.com/game.php?id=717026"]
[Date "2010.1.20"]
[Round "1"]
[White "edlincoln"]
[Black "ReidoBaralho"]
[Result "0-1"]
[WhiteElo "1628"]
[BlackElo "1612"]

1. e4 e5 2. Nf3 d6 3. Nc3 Nc6 4. Bc4 a6 5. O-O b5 6. Bxf7+ Kxf7 7. d3 Be7 8. Nd5
Nf6 9. Ng5+ Kf8 10. Nf3 Ng4 11. a3 a5 12. Bd2 Be6 13. h3 Nf6 14. Nxe7 Qxe7 15.
b4 axb4 16. axb4 Re8 17. Qe2 h5 18. Nh4 Qf7 19. c4 Nd4 20. Qd1 bxc4 21. dxc4
Nxe4 22. f3 Bxc4 23. fxe4 Bxf1 24. Qxf1 Nb3 25. Qxf7+ Kxf7 26. Rf1+ Ke6 27. Bg5
Nd2 28. Rc1 Nxe4 29. Nf3 Rb8 30. Rxc7 g6 31. g4 hxg4 32. hxg4 Rxb4 33. Re7+ Kd5
34. Nh4 Nxg5 35. Nxg6 Rxg4+ 36. Kf2 Nh3+ 37. Kf3 Rxg6 0-1

[Event "AUTO-INT-1584"]
[Site "http://www.queenalice.com/game.php?id=717027"]
[Date "2010.1.20"]
[Round "1"]
[White "ReidoBaralho"]
[Black "edlincoln"]
[Result "1-0"]
[WhiteElo "1629"]
[BlackElo "1611"]

1. e4 e5 2. Qh5 Nc6 3. Nf3 g6 4. Qg4 Nf6 5. Qg3 d5 6. Nxe5 Nxe5 7. Qxe5+ Qe7 8.
Qxe7+ Bxe7 9. e5 Nd7 10. d4 b6 11. Bb5 O-O 12. O-O a6 13. Bd3 f5 14. c4 c5 15.
e6 Nf6 16. dxc5 bxc5 17. cxd5 Nxd5 18. Re1 Bd6 19. Bc4 Bb7 20. Bxd5 Bxd5 21. Nc3
Bc6 22. Bh6 Rfe8 23. Rad1 Rad8 24. Bg5 Bxh2+ 25. Kxh2 Rxd1 26. Nxd1 Kg7 27. e7
h6 28. Bc1 g5 29. Re6 Kf7 30. Rxc6 Rxe7 31. Ne3 f4 32. Nf5 Re6 33. Nxh6+ Kf6 34.
Rxc5 Kg7 35. Nf5+ Kg6 36. Nd4 Kh5 37. Nxe6 1-0

[Event "AUTO-INT-1305"]
[Site "http://www.queenalice.com/game.php?id=730643"]
[Date "2010.2.12"]
[Round "2"]
[White "mp3"]
[Black "edlincoln"]
[Result "1-0"]
[WhiteElo "1543"]
[BlackElo "1596"]

1. e4 e5 2. d3 Nf6 3. Bg5 Be7 4. Nf3 Nc6 5. Nbd2 d6 6. c3 h6 7. Bxf6 Bxf6 8. d4
exd4 9. cxd4 Nxd4 10. Nxd4 Bxd4 11. Rb1 Be6 12. a3 Qd7 13. Qb3 Bxb3 14. Nxb3 1-0

[Event "AUTO-INT-1305"]
[Site "http://www.queenalice.com/game.php?id=730644"]
[Date "2010.2.12"]
[Round "2"]
[White "edlincoln"]
[Black "mp3"]
[Result "0-1"]
[WhiteElo "1578"]
[BlackElo "1561"]

1. e4 e5 2. Nf3 d6 3. Bc4 h6 4. d4 exd4 5. Nxd4 c5 6. Nf3 Nc6 7. Nc3 Bg4 8. O-O
Nf6 9. Be3 Nb4 10. a3 Nc6 11. h3 Bxf3 12. Qxf3 a6 13. Rad1 b5 14. Bxf7+ Kxf7 0-1

[Event "AUTO-INT-1305"]
[Site "http://www.queenalice.com/game.php?id=730645"]
[Date "2010.2.12"]
[Round "2"]
[White "xerxe"]
[Black "edlincoln"]
[Result "1-0"]
[WhiteElo "1836"]
[BlackElo "1556"]

1. e4 c5 2. Nf3 Nc6 3. c3 e6 4. d4 cxd4 5. cxd4 d5 6. exd5 exd5 7. Nc3 Bf5 8.
Bb5 Bb4 9. O-O Nf6 10. Bg5 O-O 11. Qb3 Bxc3 12. bxc3 a6 13. Be2 b5 14. Ne5 Na5
15. Qd1 h6 16. Bh4 g5 17. Bg3 Nc4 18. f4 Ne4 19. Be1 1-0

[Event "AUTO-INT-1305"]
[Site "http://www.queenalice.com/game.php?id=730646"]
[Date "2010.2.12"]
[Round "2"]
[White "edlincoln"]
[Black "xerxe"]
[Result "0-1"]
[WhiteElo "1561"]
[BlackElo "1831"]

1. e4 e5 2. Nf3 Nc6 3. Bc4 Nf6 4. Nc3 Bc5 5. O-O d6 6. d3 Bg4 7. h3 Bh5 8. g4
Nxg4 9. Bg5 f6 10. hxg4 Bxg4 11. Bd2 Rf8 12. Kg2 f5 13. a3 fxe4 14. dxe4 Bxf3+
15. Qxf3 Rxf3 16. Kxf3 Nd4+ 17. Kg2 Qh4 18. f3 O-O-O 19. Be1 Qg5+ 20. Bg3 Rf8
0-1

[Event "AUTO-INT-1908"]
[Site "http://www.queenalice.com/game.php?id=877461"]
[Date "2010.12.27"]
[Round "1"]
[White "alfonso"]
[Black "edlincoln"]
[Result "1-0"]
[WhiteElo "1494"]
[BlackElo "1493"]

1. e4 e5 2. Nf3 Nc6 3. d3 Nf6 4. Bg5 h6 5. Bh4 g5 6. Bg3 d5 7. Nc3 d4 8. Nb5 a6
9. Na3 Bxa3 10. bxa3 Be6 11. Qb1 Na5 12. Qb4 b6 13. Bxe5 c5 14. Qb1 O-O 15. Bg3
b5 16. e5 Nd5 17. h4 g4 18. Nd2 f5 19. Nb3 Nc6 20. h5 c4 21. Bh4 Qc7 22. Nc5 Bf7
23. Bg3 Bxh5 24. Rxh5 1-0

[Event "AUTO-INT-1908"]
[Site "http://www.queenalice.com/game.php?id=877462"]
[Date "2010.12.27"]
[Round "1"]
[White "edlincoln"]
[Black "alfonso"]
[Result "0-1"]
[WhiteElo "1510"]
[BlackElo "1477"]

1. e4 e5 2. Nf3 d6 3. d4 f6 4. d5 Bd7 5. Nc3 Ne7 6. Be3 Bg4 7. h3 Bh5 8. g4 Bg6
9. Qd2 h5 10. g5 h4 11. O-O-O f5 12. Bd3 f4 13. Bxf4 exf4 14. Qxf4 c6 15. Nxh4
Bf7 16. Qg3 cxd5 17. exd5 Qb6 18. Rhe1 Nd7 19. Be4 O-O-O 20. Nf5 Ng8 21. Nd4 Nc5
22. Bf5+ Kb8 23. Be6 Qc7 24. Ncb5 Qe7 0-1

[Event "AUTO-INT-1908"]
[Site "http://www.queenalice.com/game.php?id=877473"]
[Date "2010.12.27"]
[Round "1"]
[White "mjKoviak"]
[Black "edlincoln"]
[Result "1-0"]
[WhiteElo "1746"]
[BlackElo "1522"]

1. d4 d5 2. c4 Nf6 3. cxd5 Nxd5 4. Nf3 Nc6 5. e4 Nb6 6. d5 Nb4 7. a3 Na6 8. Nc3
f6 9. Bd3 e5 10. dxe6 Bxe6 11. O-O Qd7 12. Qe2 Nc5 13. Rd1 Bd6 14. e5 fxe5 15.
Nxe5 Bxe5 16. Qxe5 1-0

[Event "AUTO-INT-1908"]
[Site "http://www.queenalice.com/game.php?id=877474"]
[Date "2010.12.27"]
[Round "1"]
[White "edlincoln"]
[Black "mjKoviak"]
[Result "0-1"]
[WhiteElo "1515"]
[BlackElo "1788"]

1. e4 c5 2. Nf3 e6 3. d4 cxd4 4. Nxd4 a6 5. Nc3 b5 6. a3 d6 7. b4 a5 8. Bxb5+
Bd7 9. Be3 g6 10. O-O Bg7 11. Bxd7+ Nxd7 12. bxa5 Qxa5 13. Qd2 Ngf6 14. Nc6 Qc7
15. Nd4 Ne5 16. Ncb5 Qd7 17. Qb4 Nxe4 18. f3 Nc5 0-1

[Event "AUTO-INT-1908"]
[Site "http://www.queenalice.com/game.php?id=877479"]
[Date "2010.12.27"]
[Round "1"]
[White "FranzMeM"]
[Black "edlincoln"]
[Result "1-0"]
[WhiteElo "1504"]
[BlackElo "1461"]

1. e4 e5 2. Qf3 Nf6 3. h3 d5 4. d3 dxe4 5. dxe4 Nc6 6. Bb5 Bd7 7. Bxc6 Bxc6 8.
Nd2 Be7 9. Ne2 Qd7 10. O-O O-O-O 11. a3 h5 12. c3 g5 13. b4 Bb5 14. c4 g4 15.
hxg4 hxg4 16. Qf5 Ba4 17. Qxd7+ Nxd7 18. Ng3 c5 19. b5 Nb6 20. Nf5 Bf6 21. Rb1
Rh7 22. Nb3 Nxc4 23. Nxc5 Bc2 24. Ra1 b6 25. Na6 Rdh8 26. f3 g3 27. Nxg3 Bh4 28.
Nf5 Ba4 29. Nxh4 Rxh4 30. Kf2 Bxb5 31. Bg5 Rh2 32. Nb4 R8h5 33. Bf6 Nd2 34.
Rfc1+ Kb7 35. a4 Bd7 36. a5 b5 37. a6+ 1-0

[Event "AUTO-INT-1908"]
[Site "http://www.queenalice.com/game.php?id=877480"]
[Date "2010.12.27"]
[Round "1"]
[White "edlincoln"]
[Black "FranzMeM"]
[Result "0-1"]
[WhiteElo "1477"]
[BlackElo "1488"]

1. e4 d5 2. exd5 Qxd5 3. Nc3 Qe5+ 4. Be2 Nc6 5. Nf3 Qe6 6. d4 Nf6 7. Bg5 h6 8.
Bxf6 Qxf6 9. Qd2 e6 10. a3 a6 11. b4 Be7 12. Ne4 Qg6 13. c4 O-O 14. Qd3 Qxg2 15.
Rf1 b6 16. d5 exd5 17. Qxd5 Bb7 18. Nfd2 Qxh2 19. Nf3 Qf4 20. Qd2 Qxd2+ 21.
Nfxd2 Ne5 22. f4 Bxe4 23. Nxe4 Bh4+ 24. Nf2 Nc6 25. Rc1 Rae8 26. c5 b5 27. Rh1
Bxf2+ 28. Kxf2 Nd4 29. Bd3 Nb3 30. Rce1 Rxe1 31. Rxe1 g6 32. Re7 c6 33. Rc7 a5
34. Rxc6 axb4 0-1